• 首页
  • 本馆介绍
  • 公告通知
  • 最新文献
  • 馆藏检索
  • 电子资源
  • 读者导购
  • 参考咨询
  • 我的图书馆
  • 登录
  • 详细信息显示
  • 放入我的书架
  • 预约/预借图书
  • 作者相关作品
  • 分类相关作品
  • 丛书相关作品
  • 出版社相关作品

书目信息

  • 表格格式
  • 工作单格式
  • 卡片格式
题名:
烟草产业绿色发展策略与关键技术
    
 
作者: 唐世凯 著
分册:  
出版信息: 北京   化学工业出版社  2021
页数: 236页
开本: 24cm
丛书名:
单 册:
中图分类: F426.89
科图分类:
主题词: 烟草工业--产业发展--研究--中国
电子资源:
ISBN: 978-7-122-39433-0
000 01486nam0 2200253 450
001 2270780598
005 20221007194004.42
010    @a978-7-122-39433-0@dCNY79.00
039    @aA310000SHL@bUCS01004208748@c1104143376
100    @a20211028d2021 em y0chiy50 ea
101 0  @achi
102    @aCN@b110000
105    @aak az 000yy
200 1  @a烟草产业绿色发展策略与关键技术@9yan cao chan ye lu se fa zhan ce lue yu guan jian ji shu@f唐世凯著
210    @a北京@c化学工业出版社@d2021
215    @a236页@c图@d24cm
314    @a唐世凯,男,汉族,教授,博士,硕土研究生导师。主要研究方向为产业经济、经济及粮食作物与绿色发展。主持完成国际援建、国家重点和省级科研项目多项,公开发表论文数十篇,出版著作多部,获科技进步奖和国家专利多项,获中国烟草总公司云南省分公司科技进步三等奖1项、玉溪市人民政府科技进步二等奖1项;获“云南省优秀农业科技工作者”“云南省优秀教师” 及“云南省粮食生产突出贡献农业科技人员”等荣誉称号。
320    @a有书目(第235-236页)
330    @a健康生境助推烟草产业绿色持续发展重点研究并解决促进烟草产业经济持续健康发展路径、烟草环境要素作用于烟草植株生长机制和运用关键原理生产优质烟草商品的原料烟叶重要措施等科学问题。本书基于高质量绿色持续发展的视角,由烟草产业经济持续健康发展分析、烟草植株对健康生活环境适应机制和烟叶生产关键技术原理等内容组成,从理论、实践和发展等方面探寻烟草产业持续绿色发展的方式。
606 0  @a烟草工业@x产业发展@x研究@y中国
690    @aF426.89@v5
701  0 @a唐世凯@9tang shi kai@4著
801  0 @aCN@b91MARC@c20211129
905    @aZUCC@dF426.89@e4
    
    烟草产业绿色发展策略与关键技术/唐世凯著.-北京:化学工业出版社,2021
    236页:图;24cm
    
    
    ISBN 978-7-122-39433-0:CNY79.00
    健康生境助推烟草产业绿色持续发展重点研究并解决促进烟草产业经济持续健康发展路径、烟草环境要素作用于烟草植株生长机制和运用关键原理生产优质烟草商品的原料烟叶重要措施等科学问题。本书基于高质量绿色持续发展的视角,由烟草产业经济持续健康发展分析、烟草植株对健康生活环境适应机制和烟叶生产关键技术原理等内容组成,从理论、实践和发展等方面探寻烟草产业持续绿色发展的方式。
●
相关链接 在五车中查询图书 在当当中查询图书 在豆瓣中查询图书


正题名:烟草产业绿色发展策略与关键技术     索取号:F426.89/4         预约/预借

序号 登录号 条形码 馆藏地/架位号 状态 备注
1 2000912299   2000912299   第三书库/ [索取号:F426.89/4] 在馆    
2 2000912300   2000912300   第三书库/ [索取号:F426.89/4] 在馆    
3 2000912301   2000912301   第三书库/ [索取号:F426.89/4] 在馆    
山东省滨州职业学院图书馆 欢迎您!
大连网信软件有限公司© 版权所有